Fungus Diseases Of Tropical Crops (Record no. 35839)

MARC details
000 -LEADER
fixed length control field 00489nam a22001817a 4500
003 - CONTROL NUMBER IDENTIFIER
control field OSt
005 - DATE AND TIME OF LATEST TRANSACTION
control field 20230609110448.0
008 - FIXED-LENGTH DATA ELEMENTS--GENERAL INFORMATION
fixed length control field 230609b |||||||| |||| 00| 0 eng d
020 ## - INTERNATIONAL STANDARD BOOK NUMBER
International Standard Book Number 0521225299
040 ## - CATALOGING SOURCE
Transcribing agency Hawassa University
050 ## - LIBRARY OF CONGRESS CALL NUMBER
Classification number 632.40913/HOL
082 ## - DEWEY DECIMAL CLASSIFICATION NUMBER
Edition number 1
Classification number 632.40913/HOL
100 ## - MAIN ENTRY--PERSONAL NAME
Personal name Holliday,Paul
9 (RLIN) 12227
111 ## - MAIN ENTRY--MEETING NAME
Location of meeting Old library
9 (RLIN) 37393
245 ## - TITLE STATEMENT
Title Fungus Diseases Of Tropical Crops
260 ## - PUBLICATION, DISTRIBUTION, ETC.
Place of publication, distribution, etc. New York
Name of publisher, distributor, etc. Cambridge University Press
Date of publication, distribution, etc. 1980
942 ## - ADDED ENTRY ELEMENTS (KOHA)
Source of classification or shelving scheme Dewey Decimal Classification
Koha item type Books like text book referance book
Suppress in OPAC No

No items available.